[Event "BEL-ch U16"]
[Site "Blankenberge"]
[Date "2015.04.15"]
[Round "5"]
[White "Moerman, Thomas"]
[Black "Claeys, Robin"]
[Result "1/2-1/2"]
[WhiteElo "1628"]
[BlackElo "1580"]
[PlyCount "74"]
[EventDate "2015.04.12"]
[EventType "swiss"]
[EventRounds "9"]
[EventCountry "BEL"]
[SourceTitle "CBM 166 Extra"]
[Source "ChessBase"]
[SourceDate "2015.06.18"]
[SourceVersion "1"]
[SourceVersionDate "2015.06.18"]
[SourceQuality "1"]

1. d4 Nf6 2. c4 g6 3. Nc3 d5 4. Nf3 Bg7 5. e3 0-0 6. Be2 c6 7. 0-0 Nbd7 8. cxd5 cxd5 9. b3 Nb6 10. Ba3 Re8 11. Rc1 Bg4 12. Nb5 Rf8 13. Ne5 Bxe2 14. Qxe2 a6 15. Nc3 Nfd7 16. Nd3 Re8 17. Nc5 Nxc5 18. dxc5 Rc8 19. Qd3 Bxc3 20. Rxc3 Na8 21. Rd1 Nc7 22. Bb4 Nb5 23. Rc2 e6 24. a4 Na7 25. Bc3 f6 26. b4 a5 27. Rb2 axb4 28. Rxb4 Rc7 29. e4 Nc6 30. Rb5 Rd7 31. Qb1 Qe7 32. exd5 Rxd5 33. Rxd5 exd5 34. Rxb7 Qxc5 35. Bxf6 Qa5 36. Rg7+ Kf8 37. Be7+ Kxg7 1/2-1/2

[Event "BEL-ch U16"]
[Site "Blankenberge"]
[Date "2015.04.13"]
[Round "2"]
[White "Claeys, Robin"]
[Black "Marchal, Laurent"]
[Result "1/2-1/2"]
[WhiteElo "1580"]
[BlackElo "1623"]
[PlyCount "62"]
[EventDate "2015.04.12"]
[EventType "swiss"]
[EventRounds "9"]
[EventCountry "BEL"]
[SourceTitle "CBM 166 Extra"]
[Source "ChessBase"]
[SourceDate "2015.06.18"]
[SourceVersion "1"]
[SourceVersionDate "2015.06.18"]
[SourceQuality "1"]

1. e4 e5 2. Nf3 Nc6 3. d4 exd4 4. Nxd4 Bc5 5. Be3 Qf6 6. c3 Nge7 7. Bc4 0-0 8. 0-0 a6 9. f4 d6 10. Qd2 b5 11. Nxc6 Bxe3+ 12. Qxe3 Nxc6 13. Bd5 Bb7 14. Nd2 Na5 15. Bxb7 Nxb7 16. Nb3 Rfe8 17. Rae1 Qe6 18. Qf3 Rab8 19. e5 dxe5 20. Rxe5 Qb6+ 21. Kh1 Nd6 22. Rfe1 Rxe5 23. fxe5 Re8 24. Nd4 h6 25. e6 fxe6 26. Rxe6 Rf8 27. Qe2 Qa5 28. a3 Nc4 29. Nc6 Qa4 30. Re8 Rxe8 31. Qxe8+ Kh7 1/2-1/2

[Event "BEL-ch U16"]
[Site "Blankenberge"]
[Date "2014.04.19"]
[Round "9"]
[White "Claeys, Robin"]
[Black "Lee, Deon"]
[Result "0-1"]
[WhiteElo "1529"]
[BlackElo "1890"]
[PlyCount "42"]
[EventDate "2014.04.??"]
[EventType "swiss"]
[EventRounds "9"]
[EventCountry "BEL"]
[SourceTitle "EXT 2015"]
[Source "ChessBase"]
[SourceDate "2014.11.20"]
[SourceVersion "1"]
[SourceVersionDate "2014.11.20"]
[SourceQuality "1"]

1. e4 e5 2. Nf3 Nc6 3. Bc4 Nf6 4. Nc3 Nxe4 5. Nxe4 d5 6. Bxd5 Qxd5 7. d3 Bg4 8. Be3 Be7 9. h3 Bh5 10. Ng3 Bg6 11. 0-0 0-0-0 12. Ne2 f5 13. Nc3 Qd7 14. Bg5 Bxg5 15. Nxg5 h6 16. Nf3 Rhe8 17. Re1 Bh5 18. Qe2 Nd4 19. Qe3 Bxf3 20. gxf3 f4 21. Qe4 Qxh3 0-1

[Event "BEL-ch U16"]
[Site "Blankenberge"]
[Date "2014.04.17"]
[Round "7"]
[White "Claeys, Robin"]
[Black "Gillot, Florent"]
[Result "1/2-1/2"]
[WhiteElo "1529"]
[BlackElo "1758"]
[PlyCount "87"]
[EventDate "2014.04.??"]
[EventType "swiss"]
[EventRounds "9"]
[EventCountry "BEL"]
[SourceTitle "EXT 2015"]
[Source "ChessBase"]
[SourceDate "2014.11.20"]
[SourceVersion "1"]
[SourceVersionDate "2014.11.20"]
[SourceQuality "1"]

1. e4 e6 2. d4 d5 3. Nd2 Nf6 4. e5 Nfd7 5. f4 c5 6. c3 Nc6 7. Ngf3 Qb6 8. Nb3 cxd4 9. cxd4 Bb4+ 10. Bd2 Bxd2+ 11. Qxd2 Qb4 12. Rc1 Qxd2+ 13. Kxd2 a6 14. a3 0-0 15. Bd3 Rd8 16. g4 Nf8 17. Nh4 Ne7 18. Rhf1 Nfg6 19. Nxg6 hxg6 20. h4 Kf8 21. Rh1 Ng8 22. h5 gxh5 23. Rxh5 Nh6 24. g5 Nf5 25. Bxf5 exf5 26. Rc7 Kg8 27. Rh1 b6 28. Rhc1 a5 29. Ke3 Ba6 30. R1c6 a4 31. Nd2 Rab8 32. g6 f6 33. Nf3 Bb5 34. Re6 Re8 35. Ree7 Rxe7 36. Rxe7 Be8 37. Nh4 Kf8 38. Rc7 Rd8 39. e6 Rd6 40. e7+ Kg8 41. Nxf5 Re6+ 42. Kf3 Bxg6 43. Ng3 f5 44. Rc8+ 1/2-1/2

[Event "BEL-ch U16"]
[Site "Blankenberge"]
[Date "2014.04.13"]
[Round "1"]
[White "Claeys, Robin"]
[Black "Wertz, Felix"]
[Result "1-0"]
[WhiteElo "1529"]
[BlackElo "1026"]
[PlyCount "47"]
[EventDate "2014.04.??"]
[EventType "swiss"]
[EventRounds "9"]
[EventCountry "BEL"]
[SourceTitle "EXT 2015"]
[Source "ChessBase"]
[SourceDate "2014.11.20"]
[SourceVersion "1"]
[SourceVersionDate "2014.11.20"]
[SourceQuality "1"]

1. e4 e5 2. Nf3 Nc6 3. d4 exd4 4. Nxd4 Nxd4 5. Qxd4 c5 6. Qd1 Be7 7. Nc3 d6 8. Bf4 Qc7 9. Bc4 Nf6 10. 0-0 0-0 11. Re1 Nd7 12. Nd5 Qd8 13. Nxe7+ Qxe7 14. Bxd6 Qe8 15. Bxf8 Qxf8 16. Qe2 Ne5 17. Rad1 Qe7 18. Rd2 h6 19. Red1 Nc6 20. c3 b6 21. Bd5 Bb7 22. Bxc6 Bxc6 23. Rd6 Bxe4 24. f3 1-0